| 000 | 00849nam a2200253 i 4500 | ||
|---|---|---|---|
| 001 | 184377 | ||
| 003 | ES-MaACL | ||
| 005 | 20230906222158.0 | ||
| 008 | 150731s2001 si ao |||| | spa d | ||
| 020 | _a3-8228-1340-0 | ||
| 080 | _a291.612 | ||
| 100 | 1 |
_aVitebsky, Piers. _9157163 |
|
| 245 | 1 | 4 |
_aLos chamanes _b: el viaje del alma, fuerzas y poderes mágicos, éxtasis y curación / _cPiers Vitebsky. |
| 260 |
_aKöln [Alemania] : _bTaschen, _c[2001] |
||
| 270 | 1 | 0 |
_g _a _b _c _e _d _k _l _m |
| 300 |
_a184 p. : _bil. col., fot. ; _c21 cm. |
||
| 490 | 1 | _aCulturas de la sabiduría | |
| 500 | _aÍndice. | ||
| 504 | _aBibliografía: p. 171-175. | ||
| 650 | 0 | 4 |
_aChamanismo. _910913 |
| 830 | 0 |
_aCulturas de la sabiduría _9225063 |
|
| 852 |
_aES-MaACL _jL-30129 _z. - enc. cart. _z.- Donat. Miguel A. Velasco |
||
| 999 |
_c184377 _d184377 |
||